01047 a2200205 4500003000500000005001700005040000900022082001500031100002300046245007900069250002100148260003500169300001600204505031400220650002800534942001200562999001900574952012300593952012500716Nust20221128141045.0 cNust a519.4, BHA aS A Bhatti9103699 aA First Course in Numerical Analysis With C++cS A Bhatti & Mr. N A Bhatti a5th Ed.breprint aLahorebA-One publishersc2011 axviii,390p. aError Analysis (Page-1,) Finite Differences (Page-27), Interpolation (Page-51), Numerical Differ nation (Page-93), Numerical Integration (Page-125), Ordinary Differential Equations (Page-165), Non Linear Equations (Page-217), Linear Systems of Equations (Page-267), Eigen values and Eigenvectors (Page-323).  aNumerical Analysis9103 2ddccBK c189534d189534 00102ddc4070aMCSbMCScGENd2016-12-12o519.4,BHApMCS35225r2016-12-08w2016-12-12yBKzAlmirah No.14, Shelf No.3 00102ddc4070aMCSbMCScGENd2016-12-12o519.4,BHApMCS37034r2016-12-08w2016-12-12yBKzAlmirah No. 14, Shelf No. 3